Электронные явления в адсорбции и катализе на полупроводниках и диэлектриках

Podrobná bibliografie
Hlavní autor: Киселев В. Ф. Всеволод Федорович
Další autoři: Крылов О. В. Олег Валентинович
Jazyk:ruština
Vydáno: Москва, Наука, 1979
Témata:
Médium: MixedMaterials Kniha
KOHA link:https://koha.lib.tpu.ru/cgi-bin/koha/opac-detail.pl?biblionumber=32970

MARC

LEADER 00000nam0a2200000 4500
001 32970
005 20231030205650.0
035 |a (RuTPU)RU\TPU\book\33284 
035 |a BOOK00000002 
090 |a 32970 
100 |a 20011210d1979 k y0rusy50 ca 
101 0 |a rus 
102 |a RU 
105 |a a z 001zy 
200 1 |a Электронные явления в адсорбции и катализе на полупроводниках и диэлектриках  |f В. Ф. Киселев, О. В. Крылов 
210 |a Москва  |c Наука  |d 1979 
215 |a 234 с.  |c ил. 
320 |a Библиогр.: с. 217-232 
610 1 |a физика 
610 1 |a диэлектрики 
610 1 |a полупроводники 
610 1 |a электронные явления 
610 1 |a адсорбция 
610 1 |a катализ 
610 1 |a библиотека А. Г. Стромберга 
675 |a 537.311  |v 3 
675 |a 537.226  |v 3 
700 1 |a Киселев  |b В. Ф.  |g Всеволод Федорович 
701 1 |a Крылов  |b О. В.  |g Олег Валентинович 
801 0 |a RU  |b 63413507  |c 20011210  |g PSBO 
801 2 |a RU  |b 63413507  |c 20170911  |g PSBO 
942 |c BK